000 00441nam a2200157 i 4500
001 95886
003 ES-MaACL
005 20230906181808.0
007 t|
008 050607s1911 sp ||||1| spa d
100 1 _aMaciñeira Pardo-de-Lama, Federico.
_9212817
245 1 0 _aArros /
_cFederico Maciñeira Pardo de Lama.
260 _aLa Coruña :
_b[s.n.],
_c1911 (
_fImp. de Ferrer)
852 _aES-MaACL
_jT-1432-F-10
999 _c95886
_d95886